[Event "NNM LAG"]
[Site "SCANDIC TROMSØ"]
[Date "2009.02.20"]
[Round "1"]
[White "Brasøy, Aksel"]
[Black "Hanssen, Gunnar B."]
[Result "1-0"]
[WhiteElo "1936"]
[BlackElo "2139"]
[PlyCount "83"]
[EventDate "2009.??.??"]

1. e4 c5 2. Nf3 d6 3. d4 cxd4 4. Nxd4 Nf6 5. Nc3 e6 6. g4 h6 7. h4 Nc6 8. Rg1
h5 9. gxh5 Nxh5 10. Bg5 Nf6 11. Qd2 a6 12. O-O-O Qb6 13. Nb3 Qc7 14. Be2 b5 15.
Qe3 Bb7 16. f4 O-O-O 17. Bf3 Be7 18. e5 dxe5 19. Bxc6 Bxc6 20. fxe5 Nd5 21.
Nxd5 Bxg5 22. hxg5 Rxd5 23. Rxd5 Bxd5 24. Nc5 Qa5 25. a3 b4 26. a4 Rh4 27. b3
g6 28. Rf1 Rh7 29. Ne4 Bxe4 30. Qxe4 Qd5 31. Qxd5 exd5 32. Kd2 Kd7 33. Rf6 a5
34. Rd6+ Ke7 35. Rxd5 Rh5 {[%emt 0:00:00]} 36. Rxa5 {[%emt 0:00:06]} Rxg5 37.
Rb5 Rg2+ 38. Kd3 Rg3+ 39. Kd4 g5 40. a5 Rg1 41. Kc5 g4 42. Rxb4 
1-0

[Event "NNM LAG"]
[Site "SCANDIC TROMSØ"]
[Date "2009.02.20"]
[Round "1"]
[White "Røyset, Pål"]
[Black "Paulsen, Viktor"]
[Result "1-0"]
[WhiteElo "2228"]
[BlackElo "1779"]
[PlyCount "87"]
[EventDate "2009.??.??"]

1. e4 e5 2. Nf3 Nc6 3. Bc4 Bc5 4. O-O Nf6 5. Re1 O-O 6. c3 h6 7. d4 exd4 8. e5
Nh7 9. cxd4 Bb4 {[%emt 0:00:00]} 10. d5 Bxe1 11. dxc6 Ba5 12. Qd5 dxc6 13. Qxa5
Ng5 14. Nbd2 Nxf3+ 15. Nxf3 Qd1+ 16. Qe1 Qxe1+ 17. Nxe1 b5 18. Bd3 Be6 19. Be4
Rad8 20. Be3 Bd5 21. Bxd5 Rxd5 22. Rc1 Rxe5 23. Rxc6 Rc8 24. Nf3 Rd5 25. g4 Rd6
26. Rc5 a6 27. Kg2 c6 28. Nd4 Kf8 29. Kf3 f6 30. h4 Kf7 31. h5 g6 32. hxg6+
Kxg6 33. Nf5 Re6 34. Bxh6 Rd8 35. Be3 Rd5 36. Rc3 b4 37. Rxc6 Rxc6 38. Ne7+ Kf7
39. Nxc6 a5 40. Ke4 Ke6 41. Nd4+ Kd6 42. Nf5+ Ke6 43. Ng7+ Kd6 44. Ne8+ 
1-0

[Event "NNM LAG"]
[Site "SCANDIC TROMSØ"]
[Date "2009.02.20"]
[Round "1"]
[White "Arvola, Benjamin"]
[Black "Mikalsen, Odd Erling"]
[Result "1-0"]
[WhiteElo "2114"]
[BlackElo "1724"]
[PlyCount "95"]
[EventDate "2009.??.??"]

1. e4 c6 2. d4 d5 3. e5 Bf5 4. c4 e6 5. Nc3 Nd7 6. a3 dxc4 7. Bxc4 Nb6 8. Bb3
Ne7 9. Nge2 Qc7 10. O-O O-O-O 11. Be3 f6 12. exf6 gxf6 13. Ng3 Ned5 14. Qf3 Bg6
15. Nxd5 exd5 16. Qxf6 Bd6 17. Bh6 Rhg8 18. Rfe1 Bd3 19. Qf3 Bg6 20. Re6 Be8
21. Bc2 Bg6 22. Bf5 Kb8 23. Rae1 Nc8 24. Rf6 Rge8 25. Ree6 Rxe6 26. Rxe6 Qf7
27. Bg4 Qc7 28. h3 a6 29. b4 a5 30. bxa5 Qxa5 31. Bf4 Bxf4 32. Qxf4+ Ka7 33.
Re3 Nd6 34. Qf6 Nc4 35. Re7 Re8 36. Rxe8 Bxe8 37. Qe7 Bg6 38. Bc8 Qb6 39. Ne2
Qb1+ 40. Kh2 Qb6 41. f4 Be4 42. f5 Kb8 43. f6 Bg6 44. Bf5 Bh5 45. Ng3 Qxd4 46.
Nxh5 Ne3 47. f7 Qd1 48. f8=Q+ 
1-0

[Event "NNM LAG"]
[Site "SCANDIC TROMSØ"]
[Date "2009.02.20"]
[Round "1"]
[White "Mikalsen, Erlend"]
[Black "Jessen, Simon Pind"]
[Result "1/2-1/2"]
[WhiteElo "1499"]
[BlackElo "1962"]
[PlyCount "82"]
[EventDate "2009.??.??"]

1. e4 e5 2. Nc3 Nf6 3. Bc4 Nc6 4. d3 Bc5 5. f4 O-O 6. Nf3 exf4 7. Bxf4 Na5 8.
Bb3 Nxb3 9. axb3 d5 10. e5 Nh5 11. Bg5 f6 12. exf6 Nxf6 13. d4 Qe8+ 14. Qe2 Bb4
15. O-O Bxc3 16. Qxe8 Bxd4+ 17. Nxd4 Nxe8 18. Rxf8+ Kxf8 19. Rf1+ Nf6 20. Bxf6
gxf6 21. Rxf6+ Kg7 22. Rf4 Bd7 23. Nf5+ Bxf5 24. Rxf5 Rd8 25. Kf2 Kg6 26. Rf3
Rd7 27. Rf8 c5 28. c3 b6 29. g4 d4 30. Ke2 Kg5 31. h3 Re7+ 32. Kd2 Re3 33. Rf5+
Kg6 34. h4 Rg3 35. Rf4 Rg2+ 36. Kc1 d3 37. g5 Rc2+ 38. Kb1 Rh2 39. Kc1 Rc2+ 40.
Kb1 Rh2 41. Kc1 Rc2+ 
1/2-1/2

[Event "NNM LAG"]
[Site "SCANDIC TROMSØ"]
[Date "2009.02.20"]
[Round "1"]
[White "Talberg, Kristian"]
[Black "Zhuravlev, Sergey"]
[Result "0-1"]
[WhiteElo "1361"]
[BlackElo "2031"]
[PlyCount "86"]
[EventDate "2009.??.??"]

1. d4 Nf6 2. c4 g6 3. Nc3 d5 4. Nf3 Bg7 5. cxd5 Nxd5 6. e4 Nxc3 7. bxc3 c5 8.
Bb5+ Bd7 9. Bxd7+ Qxd7 10. O-O O-O 11. Be3 e6 12. Qd2 cxd4 13. cxd4 f5 14. e5
Nc6 15. Rfd1 Ne7 16. Bh6 Nd5 17. Bxg7 Kxg7 18. Rab1 Rfc8 19. Rdc1 b6 20. h4 h6
21. Rxc8 Rxc8 22. Rc1 Rc7 23. Rxc7 Qxc7 24. Qb2 a5 25. a4 Qc4 26. Qa3 Qb4 27.
Qa2 Kf7 28. Qc2 Qc3 29. Qb1 Qc4 30. Qa1 Nc3 31. Qb2 Nxa4 32. Qd2 Kg7 33. Qf4
Nc3 34. Kh2 Nd5 35. Qg3 Qc1 36. Qh3 Qf4+ 37. Kh1 a4 38. Ng1 Qxd4 39. Qg3 Qc3
40. f3 a3 41. Nh3 a2 42. h5 Qc1+ 43. Kh2 g5 
0-1

[Event "NNM LAG"]
[Site "SCANDIC TROMSØ"]
[Date "2009.02.20"]
[Round "1"]
[White "Flermoen, Peter"]
[Black "Hammari, Per Åge"]
[Result "1/2-1/2"]
[WhiteElo "2012"]
[BlackElo "1449"]
[PlyCount "194"]
[EventDate "2009.??.??"]

1. e4 e5 2. Nf3 Nc6 3. Bc4 Bc5 4. c3 d6 5. d4 exd4 6. cxd4 Bb6 7. O-O h6 8. Qd3
Nge7 9. Nbd2 O-O 10. a3 d5 11. exd5 Nxd5 12. Rd1 Nde7 13. Nf1 Bf5 14. Qc3 Bg4
15. d5 Bxf3 16. Qxf3 Ne5 17. Qe4 Nxc4 18. Qxc4 Nf5 19. Bd2 Qf6 20. Bc3 Qg6 21.
Qf4 Rfe8 22. Re1 Rad8 23. Re5 Rxe5 24. Qxe5 f6 25. Qe6+ Kh7 26. Re1 Nd6 27. Qe2
Qf5 28. Ng3 Qxd5 29. Rd1 Qg8 30. Bd4 Qc4 31. Qg4 Re8 32. Nf5 Nxf5 33. Qxf5+ Kg8
34. Bxb6 axb6 35. h3 Re2 36. b3 Qc2 37. Rd8+ Kf7 38. Qh5+ g6 39. Qd5+ Re6 40.
g3 Qc6 41. Rd7+ Ke8 42. Qxc6 Rxc6 43. Rh7 h5 44. Kg2 Kd8 45. Rh6 f5 46. a4 Ke7
47. Rh7+ Kf6 48. h4 Ke5 49. Rd7 Ke6 50. Rd8 Rc3 51. Rg8 Kf7 52. Rc8 Ke7 53. Rg8
Kf6 54. Rb8 Rxb3 55. Rxb7 Rc3 56. Ra7 Ke5 57. a5 bxa5 58. Rxa5+ Kf6 59. Ra6+
Kf7 60. Ra7 Rc6 61. Ra8 {[%emt 0:00:00]} Rd6 62. Ra7 Rd7 63. Kf3 Kf6 64. Ra8 c6
65. Rc8 Rd6 66. Kf4 Re6 67. f3 Rd6 68. Rc7 Rd4+ 69. Ke3 Rc4 70. Kd3 Rc1 71. Ke3
Re1+ 72. Kf2 Re6 73. f4 Rd6 74. Ke3 Ke6 75. Rg7 Kd5 76. Rc7 c5 77. Kd3 Rc6 78.
Rd7+ Ke6 79. Rg7 c4+ 80. Kc3 Kd5 81. Re7 Ra6 82. Re5+ Kd6 83. Kxc4 Ra3 84. Rb5
Rxg3 85. Rb6+ Ke7 86. Kd5 Kf7 87. Rb7+ Kf6 88. Rb6+ Kg7 89. Rb7+ Kh6 90. Ke6
Ra3 91. Kf6 Ra6+ 92. Kf7 Kh7 93. Re7 Ra8 94. Kf6+ Kh6 95. Re6 Rg8 96. Re7 Rf8+
97. Rf7 Rb8 
1/2-1/2

[Event "NNM LAG"]
[Site "SCANDIC TROMSØ"]
[Date "2009.02.20"]
[Round "1"]
[White "Hammari, Jan Arnt"]
[Black "Schjelderup, Nils J."]
[Result "0-1"]
[WhiteElo "1504"]
[BlackElo "1545"]
[PlyCount "52"]
[EventDate "2009.??.??"]

1. c4 e5 2. Nc3 d6 3. g3 Nf6 4. Bg2 Nc6 5. e3 g6 6. Nge2 Bg7 7. d4 O-O 8. d5
Ne7 9. e4 Ne8 10. O-O f5 11. f4 fxe4 12. Nxe4 Nf5 13. Ng5 h6 14. Ne6 Bxe6 15.
dxe6 c6 16. fxe5 dxe5 17. Qb3 Qe7 18. Rd1 Nf6 19. Bd2 Qxe6 20. Rac1 Rab8 21.
Bb4 Rfd8 22. Bc5 b6 23. Bf2 Ng4 24. Qa4 Nxf2 25. Kxf2 Rf8 26. Bxc6 Qxc6 
0-1

[Event "NNM LAG"]
[Site "SCANDIC TROMSØ"]
[Date "2009.02.20"]
[Round "1"]
[White "Eide, Christer"]
[Black "Larsen, Helge"]
[Result "1/2-1/2"]
[WhiteElo "1217"]
[BlackElo "910"]
[PlyCount "53"]
[EventDate "2009.??.??"]

1. e4 c5 2. Nf3 e6 3. d4 cxd4 4. Nxd4 Nc6 5. Nc3 h6 6. Bc4 Bb4 7. Ndb5 Kf8 8.
a3 Be7 9. Nd6 Nf6 10. O-O a6 11. Re1 Ne5 12. Bb3 Qb6 13. Nxc8 Rxc8 14. Be3 Qc7
15. Bf4 g5 16. Bg3 d6 17. Bxe5 dxe5 18. Re3 Kg7 19. Qe2 b5 20. Rd1 Rcd8 21.
Red3 Rxd3 22. Rxd3 Kg6 23. g3 Rd8 24. Rxd8 Qxd8 25. Qe3 Qc8 26. Qd3 Qc6 27. Kg2
1/2-1/2

[Event "NNM LAG"]
[Site "SCANDIC TROMSØ"]
[Date "2009.02.20"]
[Round "1"]
[White "Moen, Steinar"]
[Black "Rølvåg, Birk Anders"]
[Result "1/2-1/2"]
[WhiteElo "2109"]
[BlackElo "1738"]
[PlyCount "44"]
[EventDate "2009.??.??"]

1. c4 e5 2. g3 Nc6 3. Bg2 g6 4. Nc3 Bg7 5. e4 d6 6. Nge2 Be6 7. d3 Qd7 8. Be3
Bh3 9. Bxh3 Qxh3 10. Nd5 Qd7 11. Qd2 Nd8 12. d4 Ne6 13. O-O-O c6 14. Ndc3 exd4
15. Nxd4 Rd8 16. h4 Nf6 17. f3 O-O 18. g4 h5 19. gxh5 Nxh5 20. Rhg1 a6 21. Nde2
Qe7 22. f4 Nc5 
1/2-1/2

[Event "NNM LAG"]
[Site "SCANDIC TROMSØ"]
[Date "2009.02.20"]
[Round "1"]
[White "Rafnung, Skjalg"]
[Black "Rølvåg, Mikael"]
[Result "0-1"]
[WhiteElo "1652"]
[BlackElo "2063"]
[PlyCount "58"]
[EventDate "2009.??.??"]

1. e4 c5 2. Nc3 Nc6 3. f4 g6 4. Nf3 Bg7 5. Bc4 e6 6. d3 Nge7 7. f5 O-O 8. Bg5
f6 9. fxe6 dxe6 10. Be3 b6 11. a3 Kh8 12. Qd2 e5 13. h4 h5 14. O-O-O Nd4 15.
Bh6 Rb8 16. Rdf1 b5 17. Bxg7+ Kxg7 18. Ba2 b4 19. axb4 cxb4 20. Nd5 b3 21. Bxb3
Nxb3+ 22. cxb3 Nxd5 23. exd5 Qxd5 24. Nxe5 Qxe5 25. Rf4 Bf5 26. Re1 Qd6 27. Rc4
Rxb3 28. Qe3 Rf7 29. Qe8 Qxd3 
0-1

[Event "NNM LAG"]
[Site "SCANDIC TROMSØ"]
[Date "2009.02.20"]
[Round "1"]
[White "Hansen, Ola"]
[Black "Kristensen, Kjell Ole"]
[Result "1/2-1/2"]
[WhiteElo "1531"]
[BlackElo "1994"]
[PlyCount "38"]
[EventDate "2009.??.??"]

1. e4 c5 2. Nc3 e6 3. f4 d5 4. Bb5+ Nc6 5. Bxc6+ bxc6 6. Nf3 Ba6 7. d3 c4 8.
dxc4 Bxc4 9. Ne5 Qb6 10. Nxc4 dxc4 11. Na4 Qa5+ 12. c3 Nf6 13. e5 Rd8 14. Qc2
Ng4 15. O-O Be7 16. h3 Nh6 17. Be3 O-O 18. b4 Qc7 19. Nb2 c5 
1/2-1/2

[Event "NNM LAG"]
[Site "SCANDIC TROMSØ"]
[Date "2009.02.20"]
[Round "1"]
[White "Aanstad, Magnus"]
[Black "Larsen, Andreas"]
[Result "1/2-1/2"]
[WhiteElo "1898"]
[BlackElo "1736"]
[PlyCount "35"]
[EventDate "2009.??.??"]

1. e4 d5 2. exd5 Qxd5 3. Nc3 Qa5 4. d4 Nf6 5. Nf3 Bf5 6. Bc4 c6 7. Ne5 e6 8.
Bd2 Qc7 9. O-O Nbd7 10. Re1 Bd6 11. Bf4 O-O 12. a4 a5 13. Qe2 Nd5 14. Bg3 Rad8
15. Bb3 N7f6 16. Qf3 Bg6 17. Nxd5 cxd5 18. Nxg6 
1/2-1/2

[Event "NNM LAG"]
[Site "SCANDIC TROMSØ"]
[Date "2009.02.20"]
[Round "2"]
[White "Rølvåg, Birk Anders"]
[Black "Brasøy, Aksel"]
[Result "1/2-1/2"]
[WhiteElo "1738"]
[BlackElo "1936"]
[PlyCount "91"]
[EventDate "2009.??.??"]

1. e4 c5 2. Nc3 Nc6 3. g3 g6 4. Bg2 Bg7 5. d3 d6 6. Be3 Rb8 7. Qd2 b5 8. Nge2
b4 9. Nd1 Nd4 10. O-O e6 11. Nc1 Ne7 12. c3 bxc3 13. bxc3 Ndc6 14. Bh6 O-O 15.
Bxg7 Kxg7 16. f4 Qa5 17. Ne3 f5 18. exf5 gxf5 19. Nb3 Qc7 20. Rad1 Na5 21. Nxa5
Qxa5 22. Nc4 Qc7 23. Rf2 Ba6 24. Ne3 d5 25. d4 Qb6 26. g4 cxd4 27. cxd4 Qb4 28.
Qxb4 Rxb4 29. Rc2 Bc4 30. Re1 fxg4 31. Nxc4 dxc4 32. Rxe6 Nf5 33. Ra6 Nxd4 34.
Rxa7+ Kh6 35. Rf2 Rb1+ 36. Bf1 Nf3+ 37. Kg2 Rxf4 38. Kg3 Rd4 39. h3 Rb6 40.
hxg4 Ng5 41. Kh4 c3 42. Rc7 Rd2 43. Re2 Nf3+ 44. Kg3 Ng5 45. a4 Rf6 46. Rxd2
1/2-1/2

[Event "NNM LAG"]
[Site "SCANDIC TROMSØ"]
[Date "2009.02.20"]
[Round "2"]
[White "Paulsen, Viktor"]
[Black "Rafnung, Skjalg"]
[Result "1-0"]
[WhiteElo "1779"]
[BlackElo "1652"]
[PlyCount "47"]
[EventDate "2009.??.??"]

1. e4 d5 2. exd5 Nf6 3. Nf3 Nxd5 4. d4 Bf5 5. Bc4 e6 6. O-O Be7 7. Bb3 O-O 8.
a3 c5 9. c4 Nb6 10. Nc3 Nc6 11. Be3 cxd4 12. Nxd4 Nxd4 13. Bxd4 Rc8 14. Rc1
Nxc4 15. Bxc4 Rxc4 16. Bxa7 Qa5 17. Be3 Rfc8 18. Ne2 Rd8 19. Rxc4 Rxd1 20. Rxd1
e5 21. Nc3 Be6 22. Ra4 Qc7 23. Ra8+ Bc8 24. Nd5 
1-0

[Event "NNM LAG"]
[Site "SCANDIC TROMSØ"]
[Date "2009.02.20"]
[Round "2"]
[White "Mikalsen, Odd Erling"]
[Black "Hansen, Ola"]
[Result "1-0"]
[WhiteElo "1724"]
[BlackElo "1531"]
[PlyCount "71"]
[EventDate "2009.??.??"]

1. e4 e5 2. Nc3 d6 3. f4 exf4 4. Nf3 Nc6 5. Bb5 Bd7 6. d4 g5 7. O-O g4 8. d5
Ne5 9. Nxe5 dxe5 10. Bxf4 Bc5+ 11. Kh1 exf4 12. Qxg4 Ne7 13. Qxf4 Rf8 14. e5
Bxb5 15. Nxb5 a6 16. Nxc7+ Qxc7 17. d6 Qc6 18. dxe7 Bxe7 19. Qf5 Qe6 20. Qd3
Qd7 21. Qc4 Qc6 22. Qg4 Qe6 23. Qa4+ Qc6 24. Qb3 O-O-O 25. Rf3 Qd5 26. c4 Qxe5
27. c5 Qd5 28. Qc2 Qd2 29. Qf5+ Qd7 30. Qe5 Qe6 31. Qf4 Qd5 32. c6 bxc6 33. Rc1
Bd6 34. Qa4 Kc7 35. Rfc3 Qb5 36. Rxc6+ 
1-0

[Event "NNM LAG"]
[Site "SCANDIC TROMSØ"]
[Date "2009.02.20"]
[Round "2"]
[White "Larsen, Andreas"]
[Black "Mikalsen, Erlend"]
[Result "1-0"]
[WhiteElo "1736"]
[BlackElo "1499"]
[PlyCount "51"]
[EventDate "2009.??.??"]

1. d4 d5 2. Nf3 Nf6 3. e3 c5 4. c3 cxd4 5. exd4 Bf5 6. Bb5+ Bd7 7. Bd3 e6 8.
O-O Bd6 9. Bg5 h6 10. Bh4 Nc6 11. Nbd2 g5 12. Bg3 Bxg3 13. fxg3 Qe7 14. b4
O-O-O 15. b5 Na5 16. Ne5 Be8 17. Qa4 b6 18. Rac1 Nd7 19. Nc6 Nxc6 20. bxc6 Nb8
21. c4 Rd6 22. cxd5 exd5 23. Bf5+ Kd8 24. c7+ Qxc7 25. Rxc7 Bxa4 26. Rc8+ 
1-0

[Event "NNM LAG"]
[Site "SCANDIC TROMSØ"]
[Date "2009.02.20"]
[Round "2"]
[White "Zhuravlev, Sergey"]
[Black "Rølvåg, Mikael"]
[Result "1/2-1/2"]
[WhiteElo "2031"]
[BlackElo "2063"]
[PlyCount "73"]
[EventDate "2009.??.??"]

1. e4 c5 2. Nc3 e6 3. f4 d5 4. Bb5+ Bd7 5. Bxd7+ Qxd7 6. d3 Nc6 7. Nf3 dxe4 8.
Nxe4 Nf6 9. Qe2 Be7 10. O-O O-O 11. Kh1 Rac8 12. Ne5 Qd5 13. c4 Qd8 14. Nxc6
Rxc6 15. Be3 Qd7 16. Rad1 Rd8 17. Ng5 b6 18. Nf3 Rd6 19. Ne5 Qb7 20. Rd2 Ne8
21. Rfd1 Nf6 22. b3 Bf8 23. Kg1 g6 24. a3 Nd7 25. Nf3 Bg7 26. d4 cxd4 27. Bxd4
Nf6 28. Bxf6 Rxd2 29. Rxd2 Rxd2 30. Nxd2 Bxf6 31. Ne4 Be7 32. b4 Qd7 33. Qd2
Qc7 34. Qc1 Qd7 35. Qd2 Qc7 36. Qc1 Qd7 37. Qd2 
1/2-1/2

[Event "NNM LAG"]
[Site "SCANDIC TROMSØ"]
[Date "2009.02.20"]
[Round "2"]
[White "Moen, Steinar"]
[Black "Flermoen, Peter"]
[Result "1-0"]
[WhiteElo "2109"]
[BlackElo "2012"]
[PlyCount "63"]
[EventDate "2009.??.??"]

1. c4 Nf6 2. g3 g6 3. Bg2 Bg7 4. Nf3 O-O 5. O-O c5 6. Nc3 Nc6 7. d4 cxd4 8.
Nxd4 Nxd4 9. Qxd4 d6 10. Qd3 Nd7 11. Qc2 Rb8 12. Be3 a6 13. Rfd1 b6 14. Rac1
Bb7 15. Nd5 Bxd5 16. Bxd5 Qc7 17. b4 Rfc8 18. Qb3 Ne5 19. Bf4 Nc6 20. c5 bxc5
21. Rxc5 Qb6 22. Bxf7+ Kh8 23. Rcc1 Qxb4 24. Be6 Qxb3 25. axb3 Rc7 26. Rc2 Bf6
27. Bd5 Rbc8 28. Rdc1 Nb4 29. Rxc7 Rxc7 30. Rxc7 Nxd5 31. Ra7 Nb4 32. Kf1 
1-0

[Event "NNM LAG"]
[Site "SCANDIC TROMSØ"]
[Date "2009.02.20"]
[Round "2"]
[White "Schjelderup, Nils J."]
[Black "Kristensen, Kjell Ole"]
[Result "0-1"]
[WhiteElo "1545"]
[BlackElo "1994"]
[PlyCount "36"]
[EventDate "2009.??.??"]

1. e4 c5 2. c3 e6 3. d4 d5 4. e5 Nc6 5. Nf3 Qc7 6. a3 f6 7. exf6 Nxf6 8. Bd3
Bd6 9. O-O O-O 10. Re1 e5 11. Nxe5 Nxe5 12. dxe5 Bxe5 13. h3 Bd7 14. Nd2 Bc6
15. Nf3 Bd6 16. b4 b6 17. Bb1 Ne4 18. Ng5 Bh2+ 
0-1

[Event "NNM LAG"]
[Site "SCANDIC TROMSØ"]
[Date "2009.02.20"]
[Round "2"]
[White "Aanstad, Magnus"]
[Black "Eide, Christer"]
[Result "1-0"]
[WhiteElo "1898"]
[BlackElo "1217"]
[PlyCount "69"]
[EventDate "2009.??.??"]

1. d4 Nf6 2. Nc3 e6 3. e4 Bb4 4. Bd3 d5 5. e5 Nfd7 6. Qg4 Kf8 7. f4 f5 8. Qh3
c5 9. Nf3 Nc6 10. a3 Bxc3+ 11. bxc3 cxd4 12. cxd4 Qc7 13. a4 Nxd4 14. Ba3+ Kg8
15. Nxd4 Qc3+ 16. Ke2 Qxd4 17. Qh5 g6 18. Qg5 Kg7 19. h4 h5 20. g4 Nxe5 21.
fxe5 Qxe5+ 22. Kd2 Qf6 23. Be7 Qxg5+ 24. hxg5 Kf7 25. Bf6 Bd7 26. gxf5 exf5 27.
Bb5 Bc6 28. Bxc6 bxc6 29. Bxh8 Rxh8 30. Rab1 Re8 31. Rb7+ Re7 32. Rhb1 a5 33.
Rxe7+ Kxe7 34. Ke3 Ke6 35. Kf4 
1-0

[Event "NNM LAG"]
[Site "SCANDIC TROMSØ"]
[Date "2009.02.20"]
[Round "2"]
[White "Hammari, Jan Arnt"]
[Black "Berglund, Jan S."]
[Result "0-1"]
[WhiteElo "1504"]
[BlackElo "2018"]
[PlyCount "40"]
[EventDate "2009.??.??"]

1. c4 f5 2. d4 Nf6 3. Nc3 e6 4. Bg5 c6 5. Nf3 d5 6. e3 Be7 7. Bd3 O-O 8. O-O a6
9. c5 Nbd7 10. b4 Ne4 11. Bxe4 fxe4 12. Bxe7 Qxe7 13. Ne1 e5 14. f4 exf3 15.
gxf3 a5 16. a3 exd4 17. Qxd4 axb4 18. axb4 Rxa1 19. Nxd5 Qg5+ 20. Kh1 Rxe1 
0-1

[Event "NNM LAG"]
[Site "SCANDIC TROMSØ"]
[Date "2009.02.20"]
[Round "2"]
[White "Arvola, Benjamin"]
[Black "Hammari, Per Åge"]
[Result "1-0"]
[WhiteElo "2114"]
[BlackElo "1449"]
[PlyCount "45"]
[EventDate "2009.??.??"]

1. d4 d5 2. c4 c6 3. Nc3 Nf6 4. Nf3 e6 5. Bg5 Be7 6. e3 a5 7. Rc1 Nbd7 8. cxd5
exd5 9. Bd3 Nf8 10. O-O Bg4 11. Qb3 Bxf3 12. Qxb7 Bg4 13. Bxf6 gxf6 14. Qxc6+
Bd7 15. Qxd5 Ng6 16. f4 Bf8 17. Ne4 Be7 18. f5 Nf8 19. Bc4 Ne6 20. fxe6 fxe6
21. Qh5+ Kf8 22. Ng5 Qe8 23. Qh6+ 
1-0

[Event "NNM LAG"]
[Site "SCANDIC TROMSØ"]
[Date "2009.02.20"]
[Round "2"]
[White "Joensen, John"]
[Black "Larsen, Helge"]
[Result "1-0"]
[WhiteElo "1747"]
[BlackElo "910"]
[PlyCount "43"]
[EventDate "2009.??.??"]

1. e4 {[%emt 0:00:00]} c5 2. Nf3 e6 3. d4 cxd4 4. Nxd4 Nc6 5. Nb5 d6 6. c4 a6
7. N5c3 Nf6 8. Be3 Be7 9. Be2 Nd7 10. O-O Qc7 11. Nd2 h5 12. f4 g6 13. Nf3 Bf6
14. Rc1 b6 15. Qd2 Bxc3 16. Qxc3 e5 17. b4 Rf8 18. Ng5 Nf6 19. fxe5 Ng4 20.
Bxg4 hxg4 21. Nh7 Rh8 22. exd6 
1-0

[Event "NNM LAG"]
[Site "SCANDIC TROMSØ"]
[Date "2009.02.20"]
[Round "2"]
[White "Talberg, Kristian"]
[Black "Hanssen, Gunnar B."]
[Result "0-1"]
[WhiteElo "1361"]
[BlackElo "2139"]
[PlyCount "46"]
[EventDate "2009.??.??"]

1. d4 Nf6 2. c4 e6 3. Nf3 d5 4. Nc3 Be7 5. e3 O-O 6. Bd3 c5 7. O-O cxd4 8. exd4
dxc4 9. Bxc4 Nc6 10. Bb3 b6 11. a3 Bb7 12. Qd3 Rc8 13. Bg5 Re8 14. Rad1 Nd5 15.
Bxe7 Ncxe7 16. Ng5 Ng6 17. Qg3 Ndf4 18. Rd2 Bxg2 19. Re1 Bd5 20. Bc2 Qxg5 21.
Qxg5 Nh3+ 22. Kf1 Nxg5 23. Re3 Nf3 
0-1

[Event "NNM LAG"]
[Site "SCANDIC TROMSØ"]
[Date "2009.02.20"]
[Round "3"]
[White "Brasøy, Aksel"]
[Black "Moen, Steinar"]
[Result "0-1"]
[WhiteElo "1936"]
[BlackElo "2109"]
[PlyCount "80"]
[EventDate "2009.??.??"]

1. e4 e6 2. d4 d5 3. Nc3 Bb4 4. e5 c5 5. a3 Bxc3+ 6. bxc3 Ne7 7. Nf3 Bd7 8.
dxc5 Nbc6 9. Be2 Qc7 10. O-O Nxe5 11. Nxe5 Qxe5 12. Be3 O-O 13. Rb1 Qc7 14. f4
Nf5 15. Bf2 Bc6 16. g4 Ne7 17. Qd4 Rac8 18. Bg3 f6 19. Bd3 Bd7 20. Bb5 Rfd8 21.
Bxd7 Rxd7 22. Bf2 Nc6 23. Qe3 Re8 24. Qg3 Ree7 25. g5 Rf7 26. gxf6 Rxf6 27. Kh1
Qxf4 28. Qxf4 Rxf4 29. Bg3 Rxf1+ 30. Rxf1 Rf7 31. Re1 Rf3 32. Rxe6 Rxc3 33. Rd6
Rxc5 34. Rd7 b6 35. Kg1 d4 36. Bf2 Rxc2 37. Bxd4 Nxd4 38. Rxd4 Rc7 39. Kg2 Kf7
40. Rd3 Ke6 
0-1

[Event "NNM LAG"]
[Site "SCANDIC TROMSØ"]
[Date "2009.02.20"]
[Round "3"]
[White "Rølvåg, Mikael"]
[Black "Paulsen, Viktor"]
[Result "1-0"]
[WhiteElo "2063"]
[BlackElo "1779"]
[PlyCount "120"]
[EventDate "2009.??.??"]

1. d4 Nf6 2. Nf3 d5 3. c4 c6 4. e3 e6 5. Nbd2 Nbd7 6. Bd3 Bd6 7. O-O O-O 8. e4
dxe4 9. Nxe4 Nxe4 10. Bxe4 e5 11. dxe5 Nxe5 12. Nxe5 Bxe5 13. Bxh7+ Kxh7 14.
Qh5+ Kg8 15. Qxe5 Re8 16. Qc3 Bf5 17. Be3 Qc7 18. Rad1 Rad8 19. Rd4 Rxd4 20.
Qxd4 Re4 21. Qc3 Rh4 22. g3 Re4 23. f3 Re6 24. Rd1 Qe7 25. Kf2 b5 26. cxb5 cxb5
27. Rd5 Bb1 28. Rxb5 Qd7 29. Rc5 Qd1 30. Qd2 Qxd2+ 31. Bxd2 Bxa2 32. Rc8+ Kh7
33. Rc7 Rb6 34. Bc3 a6 35. h4 Bd5 36. g4 Rc6 37. Ra7 Bc4 38. h5 Rc8 39. f4 g6
40. hxg6+ Kxg6 41. Rd7 Rc6 42. Kg3 Kh7 43. Rd8 f6 44. Rd7+ Kg8 45. Rd8+ Kf7 46.
Rh8 Re6 47. f5 Rd6 48. Rh6 Rd3+ 49. Kf2 Bd5 50. Rxf6+ Ke7 51. Rxa6 Rf3+ 52. Ke1
Rg3 53. Rg6 Be4 54. Kf2 Rh3 55. Rg7+ Kd6 56. g5 Bd5 57. f6 Kc5 58. Rc7+ Kd6 59.
Re7 Kc5 60. g6 Kc4 
1-0

[Event "NNM LAG"]
[Site "SCANDIC TROMSØ"]
[Date "2009.02.20"]
[Round "3"]
[White "Kristensen, Kjell Ole"]
[Black "Mikalsen, Odd Erling"]
[Result "1-0"]
[WhiteElo "1994"]
[BlackElo "1724"]
[PlyCount "79"]
[EventDate "2009.??.??"]

1. e4 e5 2. Bc4 Nc6 3. Nf3 Be7 4. d3 Nf6 5. Bb3 d5 6. Qe2 dxe4 7. dxe4 O-O 8.
c3 Bg4 9. O-O Qc8 10. Nbd2 a6 11. a4 Re8 12. Re1 Be6 13. Bc2 a5 14. Nf1 Nd7 15.
h3 Nf8 16. g4 Ng6 17. Ng3 Bxg4 18. hxg4 Nf4 19. Bxf4 exf4 20. Nf5 Bf8 21. Bb3
Re7 22. Qc4 Re6 23. e5 g6 24. N5d4 Re7 25. e6 Kh8 26. Nxc6 bxc6 27. Qxf4 f5 28.
Bc4 Rb8 29. b3 Bg7 30. Ne5 Qe8 31. gxf5 gxf5 32. Qxf5 Bxe5 33. Rxe5 Rg7+ 34.
Kf1 Qe7 35. Qf4 Rbg8 36. Rd1 Rg4 37. Qf3 Qh4 38. e7 Rxc4 39. bxc4 Qxc4+ 40. Rd3
1-0

[Event "NNM LAG"]
[Site "SCANDIC TROMSØ"]
[Date "2009.02.20"]
[Round "3"]
[White "Mikalsen, Erlend"]
[Black "Aanstad, Magnus"]
[Result "1-0"]
[WhiteElo "1499"]
[BlackElo "1898"]
[PlyCount "89"]
[EventDate "2009.??.??"]

1. e4 {[%emt 0:00:00]} c5 {[%emt 0:00:00]} 2. Nc3 Nc6 3. Nf3 d6 4. d4 cxd4 5.
Nxd4 e5 6. Nb3 Nf6 7. Bg5 Be7 8. Bxf6 Bxf6 9. Bd3 O-O 10. O-O g6 11. Nd5 Bg7
12. Qd2 f5 13. Rad1 f4 14. Bc4 Kh8 15. f3 Be6 16. c3 Qh4 17. Nb6 axb6 18. Bxe6
Rxa2 19. Nd4 Rxb2 20. Qxb2 exd4 21. cxd4 Qf6 22. Bd5 Nxd4 23. Qxb6 Ne2+ 24. Kh1
Qh4 25. Qf2 Ng3+ 26. Kg1 Be5 27. Rfe1 Qf6 28. hxg3 fxg3 29. Qe3 Qh4 30. Be6 Bf4
31. Qb6 Qh2+ 32. Kf1 Be5 33. Bh3 Rxf3+ 34. gxf3 Qxh3+ 35. Ke2 Qg2+ 36. Kd3
Qxf3+ 37. Qe3 Qf7 38. Rf1 Qe8 39. Ke2 Qe6 40. Kf3 h5 41. Qh6+ Kg8 42. Kg2 Bg7
43. Qf4 Qc4 44. Rxd6 h4 45. Rd8+ 
1-0

[Event "NNM LAG"]
[Site "SCANDIC TROMSØ"]
[Date "2009.02.20"]
[Round "3"]
[White "Røyset, Pål"]
[Black "Zhuravlev, Sergey"]
[Result "1/2-1/2"]
[WhiteElo "2228"]
[BlackElo "2031"]
[PlyCount "74"]
[EventDate "2009.??.??"]

1. e4 c5 2. c3 Nf6 3. e5 Nd5 4. d4 cxd4 5. Nf3 e6 6. cxd4 d6 7. Bc4 Nb6 8. Bd3
N8d7 9. Qe2 dxe5 10. dxe5 Nd5 11. O-O Nc5 12. Bc4 Nb6 13. Rd1 Bd7 14. Nc3 a6
15. b4 Nca4 16. Nxa4 Nxa4 17. Bg5 Be7 18. Bxe7 Qxe7 19. Rd6 O-O 20. Nd4 Rac8
21. a3 Rc7 22. Bd3 Rfc8 23. g3 Be8 24. Qe4 g6 25. h4 Rd8 26. Rxd8 Qxd8 27. Bf1
Nc3 28. Qe3 Nd5 29. Qd2 Ba4 30. Bg2 Nc3 31. Nf3 Qxd2 32. Nxd2 Bc6 33. Bxc6 Rxc6
34. Nb3 b6 35. Nd4 Rc4 36. Rc1 Rxd4 37. Rxc3 a5 
1/2-1/2

[Event "NNM LAG"]
[Site "SCANDIC TROMSØ"]
[Date "2009.02.20"]
[Round "3"]
[White "Flermoen, Peter"]
[Black "Arvola, Benjamin"]
[Result "0-1"]
[WhiteElo "2012"]
[BlackElo "2114"]
[PlyCount "78"]
[EventDate "2009.??.??"]

1. e4 e5 2. Nf3 Nc6 3. Bc4 Nf6 4. Nc3 Nxe4 5. Nxe4 d5 6. Bd3 dxe4 7. Bxe4 Bd6
8. O-O O-O 9. Re1 Nd4 10. c3 Nxf3+ 11. Qxf3 c6 12. Bc2 Be6 13. Bb3 Bxb3 14.
axb3 Qb6 15. b4 a5 16. bxa5 Rxa5 17. Rxa5 Qxa5 18. d3 Qd5 19. Qe2 h6 20. Bd2
Qb3 21. Be3 Ra8 22. g3 Ra2 23. Rb1 b5 24. f3 Qxc3 25. Kf2 Qb3 26. d4 Ra4 27.
Rd1 exd4 28. Rxd4 Be5 29. Rxa4 bxa4 30. Bc1 Bd4+ 31. Ke1 c5 32. h4 Qb8 33. f4
Qb3 34. Qg2 Qd3 35. h5 c4 36. Qa8+ Kh7 37. Qxa4 Qxg3+ 38. Kd1 Qf3+ 39. Ke1 Bf2+
0-1